| 000 -LEADER |
| fixed length control field |
00810nam a2200217Ia 4500 |
| 001 - CONTROL NUMBER |
| control field |
275 |
| 003 - CONTROL NUMBER IDENTIFIER |
| control field |
GE_BSU |
| 008 - FIXED-LENGTH DATA ELEMENTS--GENERAL INFORMATION |
| fixed length control field |
181216s||||||||xx |||||||||||||| ||und|| |
| 040 ## - CATALOGING SOURCE |
| Transcribing agency |
GE_BSU |
| 080 ## - UNIVERSAL DECIMAL CLASSIFICATION NUMBER |
| Universal Decimal Classification number |
94(479.9) |
| 100 ## - MAIN ENTRY--PERSONAL NAME |
| Personal name |
ბოცვაძე, თ. |
| 245 ## - TITLE STATEMENT |
| Title |
ჩრდილო კავკასიის ხალხები საქართველოს საგარეო პოლიტიკაში |
| 260 ## - PUBLICATION, DISTRIBUTION, ETC. |
| Place of publication, distribution, etc. |
თბილისი |
| 260 ## - PUBLICATION, DISTRIBUTION, ETC. |
| Date of publication, distribution, etc. |
1990 |
| 300 ## - PHYSICAL DESCRIPTION |
| Extent |
286 გვ. |
| 653 ## - INDEX TERM--UNCONTROLLED |
| Uncontrolled term |
პოლიტიკა |
| 653 ## - INDEX TERM--UNCONTROLLED |
| Uncontrolled term |
ჩრდილო კავკასია |
| 653 ## - INDEX TERM--UNCONTROLLED |
| Uncontrolled term |
ჩრდილო კავკასიის ხალხები საქართველოს საგარეო პოლიტიკაში |
| 942 ## - ADDED ENTRY ELEMENTS (KOHA) |
| Koha item type |
წიგნი |